00390pab a2200145 454500008004000000100001800040245003800058260000900096300001300105362001100118650003600129650002800165700001700193773003400210180718b2011 xxu||||| |||| 00| 0 eng d aKamat, Anjali aLibya's reformist revolutionaries c2011 ap.13-14. a19 Mar aLibya - Politics and government aPolitics and government aShokr, Ahmad aEconomic and Political Weekly